Static and dynamic properties of the polymeric solid state : proceedings of the NATO Advanced Study Institute held at Glasgow, U.K., September 6-18, 1981 /

Guardado en:
Autor Corporativo: NATO Advanced Study Institute Glasgow, Scotland)
Otros Autores: Pethrick, R. A. 1942-, (Editor , ed.), Richards, R. W. 1948-, (Editor , ed.)
Formato: Libro
Idioma:English
Publicado: Dordrecht, Holland : Hingham, MA, U.S.A. : D. Reidel ; Sold and distributed in the U.S.A. and Canada by Kluwer Boston, 1982.
Series:NATO advanced study institutes series. Mathematical and physical sciences ; v. 94
Materias:
Etiquetas: Agregar Etiqueta
Sin Etiquetas, Sea el primero en etiquetar este registro!
LEADER 01292cam a22002655a 4500
001 EIQ.libpla000931
008 820716s1982####ne#a#####b####101#0#eng#d
005 20060623144643.0
245 1 0 |a Static and dynamic properties of the polymeric solid state :  |b proceedings of the NATO Advanced Study Institute held at Glasgow, U.K., September 6-18, 1981 /  |c edited by R.A. Pethrick and R.W. Richards. 
260 |a Dordrecht, Holland :  |b D. Reidel ;  |a Hingham, MA, U.S.A. :  |b Sold and distributed in the U.S.A. and Canada by Kluwer Boston,  |c 1982. 
300 |a xii, 475 p. :  |b il. ;  |c 25 cm. 
440 0 |a NATO advanced study institutes series.  |n Series C,  |p Mathematical and physical sciences ;  |v v. 94 
504 |a Incluye referencias bibliográficas e índice. 
020 |a 9027714819 
111 2 |a NATO Advanced Study Institute  |d (1981 :  |c Glasgow, Scotland) 
700 1 |a Pethrick, R. A.  |q (Richard Arthur),  |d 1942-,  |e ed.  |4 edt 
700 1 |a Richards, R. W.  |q (Randal William),  |d 1948-,  |e ed.  |4 edt 
082 0 0 |a 547.7  |2 19 
650 4 |a Química del estado sólido  |x Congresos. 
650 4 |a Polímeros  |x Congresos. 
650 0 |a Solid state chemistry  |x Congresses. 
650 0 |a Polymers  |x Congresses. 
010 |a  82013266  
040 |a DLC  |c DLC  |d AR-BbSID 
859 |a AR-BbSID  |b BIB. PLAPIQUI  |h 547.7  |i N 214  |p 2588